Análisis de los libros de texto de ciencias naturales de primaria para adultos / (Record no. 2675)

MARC details
000 -CABECERA
campo de control de longitud fija 00747nam a2200205 a 4500
005 - FECHA Y HORA DE LA ÚLTIMA TRANSACCIÓN
campo de control 20260108064000.0
008 - ELEMENTOS DE LONGITUD FIJA--INFORMACIÓN GENERAL
campo de control de longitud fija 991125s1984 mx 000 0 spa u
035 ## - NÚMERO DE CONTROL DEL SISTEMA
Número de control de sistema UPN01000002675
049 ## - COLECCIÓN
Colección CG
050 #4 - SIGNATURA TOPOGRÁFICA DE LA BIBLIOTECA DEL CONGRESO
Número de clasificación LB5
Número de documento/Ítem D5.4 no.10
100 1# - ASIENTO PRINCIPAL--NOMBRE PERSONAL
Nombre de persona Meneguzzi, Leonor
245 10 - MENCIÓN DE TÍTULO
Título Análisis de los libros de texto de ciencias naturales de primaria para adultos /
Mención de responsabilidad, etc. Leonor Meneguzzi.
260 ## - PUBLICACIÓN, DISTRIBUCIÓN, ETC.
Lugar de publicación, distribución, etc. México :
Nombre del editor, distribuidor, etc. IPN, Centro de Investigación y de Estudios Avanzados, Departamento de Investigaciones Educativas,
Fecha de publicación, distribución, etc. 1984.
300 ## - DESCRIPCIÓN FÍSICA
Extensión 61 p.
440 #0 - MENCIÓN DE SERIE/ASIENTO SECUNDARIO--TÍTULO
Título Documento DIE ;
Designación de volumen o secuencia 10
650 #4 - ASIENTO SECUNDARIO DE MATERIA - TERMINO TEMATICO
Término de materia o nombre geográfico como elemento de entrada Libros de texto
9 (RLIN) 4427
650 #4 - ASIENTO SECUNDARIO DE MATERIA - TERMINO TEMATICO
Término de materia o nombre geográfico como elemento de entrada Ciencias naturales
Subdivisión general Estudio y enseñanza (Elemental)
9 (RLIN) 2812
650 #4 - ASIENTO SECUNDARIO DE MATERIA - TERMINO TEMATICO
Término de materia o nombre geográfico como elemento de entrada Educación de adultos
Subdivisión geográfica México
9 (RLIN) 5673
905 ## - TIPO DE MATERIAL
Tipo de material Libro
Holdings
Estado de retiro Estado de pérdida Fuente del sistema de clasificación o colocación Estado dañado No para préstamo Código de colección Localización permanente Ubicación/localización actual Ubicación en estantería Total de préstamos Clasificación Código de barras Fecha visto por última vez Número de copia Tipo de ítem Koha
    Library of Congress Classification     Colección General Bib. Gregorio Torres Quintero Bib. Gregorio Torres Quintero Planta baja 3 LB5 D5.4 no.10 139449 31/12/2020 1 Libro
    Library of Congress Classification     Colección General Bib. Gregorio Torres Quintero Bib. Gregorio Torres Quintero Planta baja 2 LB5 D5.4 no.10 99410 31/12/2020 1 Libro
    Library of Congress Classification     Colección General Bib. Gregorio Torres Quintero Bib. Gregorio Torres Quintero Planta baja 2 LB5 D5.4 no.10 139450 31/12/2020 1 Libro